My Harry Potter Next Generation - Statistics

General Stats
  • This quiz has been taken 68 times
    66 since last reset
  • The average score is 23 of 93
Answer Stats
Parents Children % Correct
Harry Potter and Ginny Weasley Albus Potter
96%
Harry Potter and Ginny Weasley James Potter
96%
Harry Potter and Ginny Weasley Lily Potter
91%
Remus Lupin and Nyphadora Tonks Teddy Lupin
91%
Bill Weasley and Fluer Delacour Victoire Weasley
78%
Ron Weasley and Hermione Granger Hugo Weasley
70%
George Weasley and Angelina Johnson Roxanne Weasley
70%
Bill Weasley and Fluer Delacour Dominique Weasley
65%
George Weasley and Angelina Johnson Fred Weasley
65%
Bill Weasley and Fluer Delacour Louis Weasley
65%
Percy Weasley and Audrey Molly Weasley
65%
Percy Weasley and Audrey Lucy Weasley
61%
Ron Weasley and Hermione Granger Rose Weasley
61%
Draco Malfoy and Astoria Greengrass Scorpius Malfoy
61%
Luna Lovegood and Rolf Scamander Lysander Scamander
48%
Luna Lovegood and Rolf Scamander Lorcan Scamander
43%
Neville Longbottom and Hannah Abbott Alice Longbottom
30%
Ernie Macmillian and Susan Bones Amelia Bones
22%
Romilda Vane and Terry Boot Alastor Boot
17%
Nick Alas and Aurelie Dumont Aoifee Alas
17%
Roger Davies and Heidi Macavoy Castiel Davies
17%
Adrian Pucey and Tracey Davis Christopher Pucey
17%
Marcus Belby and Laura Madley Clara Belby
17%
Lee Jordan and Dana Derek Jordan
17%
Gregory Goyle and Eleanor Branstone Dominic Goyle
17%
Romilda Vane and Rick Elise Vane
17%
Neil Balken and Nicola Dulik Elliot Balken
17%
Oliver Wood and Katie Bell Gabrielle Wood
17%
Eddie Carmichael and Emma Dobbs Gareth Carmichael
17%
Blaise Zabini and Lisa Turpin Gilbert Zabini
17%
Terence Higgs and Daria Bjorn Giovanni Higgs
17%
Dennis Creevey and Chiara Harry Creevey
17%
Romilda Vane and Terry Boot Henry Boot
17%
Jimmy Peakes and Melissa Chambers Ismal Peakes
17%
Romilda Vane and Terry Boot Jack Boot
17%
Jimmy Peakes and Melissa Chambers Jamal Peakes
17%
Adrian Pucey and Tracey Davis Josiah Pucey
17%
Eddie Carmichael and Emma Dobbs Kallum Carmichael
17%
Lee Jordan and Dana Kelsi Jordan
17%
Lee Jordan and Dana Lori Jordan
17%
John Smith and Jane Doe Millie Smith
17%
Padma Patil and Rowan Brys Padmaj Patil
17%
Adrian Pucey and Tracey Davis Pamela Pucey
17%
Padma Patil and Rowan Brys Pandita Patil
17%
Padma Patil and Rowan Brys Panimee Patil
17%
Darius Berrow and Lily Moon Sean Berrow
17%
Dennis Creevey and Chiara Ty Creevey
17%
Gregory Goyle and Eleanor Branstone Vincent Goyle
17%
Gregory Goyle and Eleanor Branstone Xavier Goyle
17%
Roger Davies and Heidi Macavoy Adelaide Davies
13%
Gregory Goyle and Eleanor Branstone Alden Goyle
13%
Ignotus Riddle and Morag Macdougal Allegra Riddle
13%
Katie Bell and Kevin Whitby Angela Whitby Bell
13%
Michael Corner and Parvati Patil Arjun Corner
13%
Graham Pritchard and Rosalie Puffet Beth Pritchard-Puffet
13%
Kingsley Shacklebolt and Jordaana Bodiment Blake Shacklebolt
13%
Roger Davies and Heidi Macavoy Briggs Davies
13%
Marcus Flint and Pansy Parkinson Calliope Flint
13%
Ernie Macmillian and Susan Bones Cedric Bones
13%
Cassius Warrington and Millicent Bulstrode Celia Warrington
13%
Dudley Dursley Daisy Dursley
13%
Miles Bletchley and Megan Jones Dion Bletchley
13%
Roger Davies and Heidi Macavoy Ellis Davies
13%
Mandy Brocklehurst and Orla Quirke Emer Quirke Brocklehurst
13%
Owen Cauldwell and Sally-Anne Perks Emma Cauldwell
13%
Justin Finch Fletchley and Ritchie Coote Evie Coote Finch-Fletchley
13%
Neville Longbottom and Hannah Abbott Francesca Longbottom
13%
Marietta Edgecombe and Scott Freya Edgecombe
13%
Roger Davies and Heidi Macavoy Holland Davies
13%
Zacharias Smith and Stefani Isobel Smith
13%
Theodore Nott and Daphne Greengrass Jade Nott
13%
Theodore Nott and Daphne Greengrass Jeffrey Nott
13%
Travers Kamil Travers
13%
Marcel Sanchez and Maria Gomez Marco Sanchez
13%
Ignotus Riddle and Morag Macdougal Mattheo Riddle
13%
Gregory Goyle and Eleanor Branstone Matthias Goyle
13%
Zacharias Smith and Stefani Maximillian Smith
13%
Alicia Spinnet and Anthony Goldstein Minerva Goldstein
13%
Marietta Edgecombe and Scott Nikita Edgecombe
13%
Oliver Wood and Katie Bell Ollie Wood
13%
Dean Thomas and Seamus Finnigan Roger Finnigan
13%
Stewart Ackerkly and Maxine O’Flaherty Ronnie Ackerly
13%
Alicia Spinnet and Anthony Goldstein Seraphina Goldstein
13%
Theodore Nott and Daphne Greengrass Sophia Nott
13%
Robin King and Clifford Rutche Thomas Rutche
13%
Marcus Flint and Pansy Parkinson Ursula Flint
13%
Gideon Scalby and Helen Dawlish Valerie Dawlish
13%
Dudley Dursley Violet Dursley
13%
Brother of Rufus Scrimgeour Wren Scrimgeour
13%
Zacharias Smith and Stefani Corey Smith
9%
Justin Finch Fletchley and Ritchie Coote Judd Coote Finch-Fletchley
9%
Roger Davies and Heidi Macavoy Maeve Davies
9%
Alicia Spinnet and Anthony Goldstein Tina Goldstein
9%
No matching quizzes found
Score Distribution
Percent of People with Each Score
Percentile by Number Answered
Your Score History
You have not taken this quiz since the last reset